000
00218nam a22000857a 4500
008
160713b xxu||||| |||| 00| 0 eng d
100
_9
2745
_a
Sen, S
245
_a
The Battle of the Books
260
_a
New Delhi
_b
Unique
_c
1980
999
_c
2384
_d
2384